Statistics for Premier League 21/22 matchweek 8 King of the match

Click here to take the quiz!

General Stats

  • This quiz has been taken 6 times
  • The average score is 5 of 10

Answer Stats

HintAnswer% Correct
Leicester 4-2 Man UnitedJamie Vardy
100%
Watford 0-5 LiverpoolMohamed Salah
100%
Man City 2-0 BurnleyBernardo Silva
50%
Brentford 0-1 ChelseaEdouard Mendy
50%
Newcastle 2-3 TottenhamHeung-Min Son
50%
Norwich 0-0 BrightonRobert Sanchez
50%
Everton 0-1 West HamAngelo Ogbonna
25%
Arsenal 2-2 Crystal PalacePierre-Emerick Aubameyang
25%
Aston Villa 2-3 WolvesRomain Saiss
25%
Southampton 1-0 LeedsTino Livramento
25%

Score Distribution

Percentile by Number Answered

Percent of People with Each Score

Your Score History

You have not taken this quiz